| 000 | 01088cab a2200253 4500 | ||
|---|---|---|---|
| 001 | ABS45212 | ||
| 008 | 090401t1991 xxu||||| |||| 00| 0 eng d | ||
| 035 | _a(Sirsi) u51552 | ||
| 041 | _aeng | ||
| 100 | _aPowell-Smith, V. | ||
| 245 | _aValuable guidance on defective premises | ||
| 260 | _c1991 | ||
| 350 | _a0 | ||
| 490 |
_aContract Journal _v360(5842) 10 October 1991, 9(1) |
||
| 520 | _aDiscusses the case "Andrews v Schooling" (Abs 44623) which concerned the provision in the Defective Premises Act 1972 that states `[Any] person taking on work for or in connection with the provision of a dwelling... owes a duty that the work which he takes on is done in a workmanlike or, as the case may be, professional manner, with proper materials and so... that the dwelling may be fit for human habitation when completed`. | ||
| 650 | _aCELLARS | ||
| 650 | _aDAMP | ||
| 650 | _aDEFECTIVE PREMISES ACT 1972 S1(1) | ||
| 650 | _aDEFECTIVE PREMISES | ||
| 650 | _aFIT FOR HUMAN HABITATION | ||
| 690 | _aBUILT ENVIRONMENT-BUILDING PATHOLOGY | ||
| 942 | _n0 | ||
| 948 | _c04/03/1997 | ||
| 999 |
_c32004 _d32004 |
||